| 000 | 00848cam a2200253 a 4500 | ||
|---|---|---|---|
| 001 | 000018018 | ||
| 005 | 20200929165323.0 | ||
| 008 | 880211s1951 ve 000 p spa d | ||
| 035 | _a(DLC) 56057408 | ||
| 035 | _a(OCoLC)17464423 | ||
| 040 |
_aDO-SdBNP _bspa _cMU _dOCoLC _dDLC _dBNPHU |
||
| 082 |
_aV861.4 _bA714p |
||
| 100 | 1 |
_aAristeguieta, Jean, _d1925- _938031 |
|
| 245 | 1 | 4 |
_aLas puertas del secreto / _cJean Aristeguieta. |
| 260 |
_aCaracas, : _bAsociacion Cultural Interamericana : _bBiblioteca Femenina Venezolana, _c1951. |
||
| 300 |
_a59 p. ; _c24 cm. |
||
| 490 | 0 |
_aBiblioteca Femenina Venezolana _v15 |
|
| 500 | _aPoemas. | ||
| 650 | 4 |
_aPoesÃas venezolanas _939065 |
|
| 650 | 4 |
_aLiteratura venezolana _ySIGLO XX _99777 |
|
| 830 | 0 |
_aBiblioteca Femenina Venezolana ; _v15. _939066 |
|
| 910 | _aCatalogación derivada | ||
| 049 | _aBNGR | ||
| 999 |
_c17540 _d17540 |
||